Toán học tính toán
Bewaard in:
| Hoofdauteur: | |
|---|---|
| Formaat: | Boek |
| Gepubliceerd in: |
Hà Nội
Giáo dục
2008
|
| Editie: | Tái bản lần thứ nhất có sửa chữa và bổ sung |
| Onderwerpen: | |
| Tags: |
Voeg label toe
Geen labels, Wees de eerste die dit record labelt!
|
| Thư viện lưu trữ: | Trung tâm Học liệu Lê Vũ Hùng, Trường Đại học Đồng Tháp |
|---|
| LEADER | 00758pam a22002418a 4500 | ||
|---|---|---|---|
| 001 | 00043808 | ||
| 005 | 20190315140339.0 | ||
| 008 | 110421s2005 ||||||Viesd | ||
| 020 | # | # | |c 22000 |
| 041 | 0 | # | |a Vie |
| 082 | 1 | 4 | |a 515 |b T406H |
| 100 | 0 | # | |a Doãn, Tam Hòe |
| 245 | 0 | 0 | |a Toán học tính toán |c Doãn Tam Hòe |
| 250 | # | # | |a Tái bản lần thứ nhất có sửa chữa và bổ sung |
| 260 | # | # | |a Hà Nội |b Giáo dục |c 2008 |
| 300 | # | # | |a 239 tr. |c 21 cm. |
| 653 | # | # | |a Giải tích |
| 653 | # | # | |a Phương pháp |
| 653 | # | # | |a Toán học |
| 653 | # | # | |a Tính toán |
| 852 | # | # | |j KD.0025172 |j KM.0024294 |
| 910 | # | # | |d 14/3/2019 |
| 980 | # | # | |a Trung tâm Học liệu Lê Vũ Hùng, Trường Đại học Đồng Tháp |